000 00438nam a2200181Ia 4500
001 12988
005 20260306163021.0
008 260306t2011||||xx |||||||||||||| ||spa||
041 _aESP
082 _aRD 580.3
_bT18
100 _aTamariz Angeles, Carmen
_eAUT
245 0 _aDiccionario ilustrado de botánica
260 _c2011
300 _a126 páginas :
_c24 cm.
650 _aGEN
654 _aCCN
942 _cDIC
_dJUS
_fJUS
_2ddc
_n
999 _c12988
_d12988